Associez chaque club de football à sa ville - Clic Quiz - Statistiques

Statistiques générales
  • Ce quiz a été pris 224 fois
  • Le résultat moyen est 15 sur 20
Statistiques - réponses
Hint Réponse % Correct
AS Roma Rome
91%
Galatasaray SK Istanbul
90%
Chelsea Londres
88%
Juventus Turin
88%
Liverpool FC Liverpool
87%
Arsenal Londres
87%
Beşiktaş Istanbul
86%
SL Benfica Lisbonne
86%
Lazio Rome
86%
Tottenham Londres
83%
Real Betis Séville
80%
West Ham United Londres
78%
Panathinaïkós Athènes
75%
Real Sociedad Saint-Sébastien
72%
SE Palmeiras São Paulo
70%
Everton Liverpool
69%
Aston Villa Birmingham
59%
Fluminense FC Rio de Janeiro
49%
CR Flamengo Rio de Janeiro
48%
Olympiakós Le Pirée
36%
Aucun quiz correspondant
Distribution des résultats
% des personnes avec chaque résultat
Percentile par nombre de réponses
Votre historique - résultats
Vous n’avez pas pris ce quiz